Nano Lithography /

Saved in:
Bibliographic Details
Other Authors: Landis, Stefan (Editor)
Format: Book
Language:English
Published: London : ISTE Ltd and John Wiley, 2011
Edition:1. vyd.
Tags: Add Tag
No Tags, Be the first to tag this record!

MARC

LEADER 00000nam a22000003a 4500
001 0030119
003 SK-STU
005 20180115101015.4
007 ta
008 180115s ----xo-----e------000-0-----d
020 |a 978-1-84821-211-4 
040 |a STU  |b slo 
041 0 |a eng 
044 |a xxk 
080 |a 621.37 
100 1 |a Landis, Stefan  |4 edt  |r Z6 
245 1 0 |a Nano Lithography /  |c ed. Stefan Landis 
250 |a 1. vyd. 
260 |a London :  |b ISTE Ltd and John Wiley,  |c 2011 
300 |a 325 s. 
996 |b 284EK89923  |c E* 89923  |l EE33  |s P  |a 0  |w 0030119_0001